Munkaviszonyból származó jövedelem adózása Magyarországon, összehasonlítás az Európai Unió tagállamaival

Bibliográfiai részletek
Szerző: Montvai Nátánael
További közreműködők: Fellegi Dr. Miklós
Dokumentumtípus: Diplomadolgozat
Kulcsszavak:Munkabér
Adózás
Szürkegazdaság
Online Access:http://dolgozattar.uni-bge.hu/11130

MARC

LEADER 00000nta a2200000 i 4500
001 dolg11130
005 20170512145549.0
008 170512suuuu hu om 000 hun d
040 |a BGE Dolgozattár Repozitórium  |b hun 
041 |a hu 
100 1 |a Montvai Nátánael 
245 1 0 |a Munkaviszonyból származó jövedelem adózása Magyarországon, összehasonlítás az Európai Unió tagállamaival  |c Montvai Nátánael  |h [elektronikus dokumentum] 
695 |a Munkabér 
695 |a Adózás  
695 |a Szürkegazdaság 
700 1 |a Fellegi Dr. Miklós  |e ths 
856 4 0 |u http://dolgozattar.uni-bge.hu/11130/1/Montvai%20Natanael%20szakdolgozat%20%281%29.pdf  |z Dokumentum-elérés